书目信息 |
| 题名: |
曼昆《经济学原理》学习指南
|
|
| 作者: | 哈克斯 著 | |
| 分册: | ||
| 出版信息: | 机械工业 2004.05 |
|
| 页数: | 441页 | |
| 开本: | 30cm | |
| 丛书名: | ||
| 单 册: | ||
| 中图分类: | F0 | |
| 科图分类: | ||
| 主题词: | 政治经济学 | |
| 电子资源: | ||
| ISBN: | 7-111-14326-4 | |
| 000 | 00649nam0 2200229 45 | |
| 001 | 0953951648 | |
| 005 | 20091029150039.34 | |
| 010 | @a7-111-14326-4@dCNY45.00 | |
| 100 | @a20090515d2004 ekmy0 y0120 ea | |
| 102 | @aCN@b130000 | |
| 102 | @aCN@b110000 | |
| 105 | @ay z 000yy | |
| 200 | 1 | @a曼昆《经济学原理》学习指南@Aman kun《jing ji xue yuan li》xue xi zhi nan@f(美)哈克斯著@F(mei)ha ke si zhu |
| 210 | @c机械工业@d2004.05 | |
| 210 | @a北京@c机械工业出版社 | |
| 215 | @a441页@d30cm | |
| 606 | 0 | @a政治经济学 |
| 690 | @aF0@v4 | |
| 701 | 0 | @a哈克斯@Aha ke si@4著 |
| 801 | 0 | @aCN@c20091029 |
| 905 | @a10447@dF0@eD088 | |
| 906 | @d45@n3@r1 | |
| 曼昆《经济学原理》学习指南/(美)哈克斯著.-机械工业,2004.05.-北京:机械工业出版社 |
| 441页;30cm |
| ISBN 7-111-14326-4:CNY45.00 |
| ● |
| 相关链接 |
|
|
|
正题名:曼昆《经济学原理》学习指南
索取号:F0/D088
 
预约/预借
| 序号 | 登录号 | 条形码 | 馆藏地/架位号 | 状态 | 备注 |
| 1 | 658379 | 206583794 | 社科二线422/409社科库 61排1列3层/ [索取号:F0/D088] | 在馆 | |
| 2 | 658380 | 206583801 | 社科二线422/409社科库 61排1列3层/ [索取号:F0/D088] | 在馆 | |
| 3 | 658381 | 206583810 | 社科库409/400B社科库 2排2列4层/ [索取号:F0/D088] | 在馆 |